[Event "India rating op"]
[Site "India"]
[Date "2019.02.03"]
[Round "4"]
[White "Bartakke, Amardeep S"]
[Black "Javheri, Jaydev"]
[Result "0-1"]
[WhiteElo "2134"]
[BlackElo "1716"]
[PlyCount "118"]
[EventDate "2019.02.03"]
[EventType "swiss"]
[EventRounds "11"]
[EventCountry "IND"]
[SourceTitle "EXT 2021"]
[Source "ChessBase"]
[SourceDate "2020.10.23"]
[SourceVersion "1"]
[SourceVersionDate "2020.10.23"]
[SourceQuality "1"]

1. e4 c5 2. Nf3 d6 3. d4 cxd4 4. Nxd4 Nf6 5. Nc3 Nc6 6. f4 a6 7. Nb3 b5 8. Bd3 Bb7 9. 0-0 g6 10. Qe1 Bg7 11. e5 dxe5 12. fxe5 Nd5 13. e6 f6 14. Ne4 Ne5 15. Nec5 Bc6 16. Kh1 Nxd3 17. Nxd3 0-0 18. Na5 Rc8 19. Nxc6 Rxc6 20. c3 Qb6 21. Qe4 Rd8 22. Re1 Rcd6 23. Nf4 Nxf4 24. Bxf4 Rd3 25. h3 Qc5 26. Be3 Qd5 27. Bb6 Qxe4 28. Rxe4 Rd1+ 29. Rxd1 Rxd1+ 30. Kh2 f5 31. Re2 Rd5 32. Kg3 Re5 33. Rxe5 Bxe5+ 34. Kf3 Kg7 35. Bd4 Bxd4 36. cxd4 Kf6 37. d5 Ke5 38. g4 fxg4+ 39. Kxg4 Kxd5 40. Kg5 Ke5 41. Kh6 Kxe6 42. Kxh7 Kf6 43. Kh6 e5 44. h4 Kf5 45. h5 gxh5 46. Kxh5 Kf4 47. Kg6 e4 48. Kf6 e3 49. Ke6 e2 50. Kd6 e1Q 51. Kc6 Qb4 52. Kb6 a5 53. b3 a4 54. bxa4 bxa4+ 55. Ka6 Qa3 56. Ka5 Qxa2 57. Kb4 Qb3+ 58. Ka5 a3 59. Ka6 a2 0-1